NFL QBs Who Have Beaten All Teams (minus 1) - Statistics

General Stats
  • This quiz has been taken 553 times
    164 since last reset
  • The average score is 10 of 15
Answer Stats
Unbeaten Teams Answer % Correct
Kansas City Chiefs Patrick Mahomes
94%
none Tom Brady
93%
Seattle Seahawks Russell Wilson
90%
Green Bay Packers Aaron Rodgers
88%
Pittsburgh Steelers Ben Roethlisberger
86%
none Peyton Manning
85%
Denver Broncos John Elway
76%
Pittsburgh Steelers Terry Bradshaw
73%
none Joe Montana
60%
Kansas City Chiefs Alex Smith
59%
none Brett Favre
55%
none Drew Brees
52%
Oakland Raiders Ken Stabler
29%
none Fran Tarkenton
20%
* Miami Dolphins Kerry Collins
4%
No matching quizzes found
Score Distribution
Percent of People with Each Score
Percentile by Number Answered
Your Score History
You have not taken this quiz since the last reset